32-島根県の市町村クイズ - Statistics

General Stats
  • This quiz has been taken 2,149 times
    2,017 since last reset
  • The average score is 13 of 19
Answers on the Map
Answers color-coded by a green-red scale on the quiz's map according to % correct below.
 
Answer Stats
Answer % Correct
隠岐おきしまちょう
91%
出雲いずも
90%
松江まつえ
88%
益田ますだ
78%
安来やすぎ
76%
奥出雲おくいずもちょう
75%
浜田はまだ
75%
雲南うんなん
73%
海士あまちょう
72%
大田おおだ
69%
津和野つわのちょう
69%
知夫ちぶむら
68%
江津ごうつ
67%
西ノ島にしのしまちょう
67%
吉賀よしかちょう
56%
川本かわもとまち
54%
邑南おおなんちょう
50%
飯南いいなんちょう
48%
美郷みさとちょう
41%
No matching quizzes found
Score Distribution
Percent of People with Each Score
Percentile by Number Answered
Your Score History
You have not taken this quiz since the last reset